Voxographie d'Emmanuel Garijo en images - Statistiques

Statistiques générales
  • Ce quiz a été pris 195 fois
  • Le résultat moyen est 11 sur 16
Statistiques - réponses
Par images Réponse % Correct
Hercule
99%
Stitch
99%
Superman
99%
Alvin Seville
95%
Toad
92%
Anakin Skywalker
91%
Daffy Duck
87%
Taz
87%
Riri Duck
85%
Bernie Barges
81%
Tibiscuit
76%
Jake Peralta
31%
Morty
25%
Gale Hawthorne
23%
Otis
20%
Noah « Puck » Puckerman
12%
Aucun quiz correspondant
Distribution des résultats
% des personnes avec chaque résultat
Percentile par nombre de réponses
Votre historique - résultats
Vous n’avez pas pris ce quiz